00465nam a2200157 a 450000100100000000500170001000800410002702000150006804000250008308200150010810000190012324500590014226000460020130000280024750400320027500004241820201002040137.0131128s1992 ag a r 000 0 spa d a8440631413 aDO-SdBNPbspacBNPHU axxxxbxxxx1 aMarras, Sergio10aAmérica Latina :bmarca registrada /cSergio Marras. aArgentina :bGrupo editorial Zeta,c1992. a478 p. :bil. ;c24 cm. aBibliografía : p. 475-478